Generational accounts in the Czech Republic

Gespeichert in:
Bibliographische Detailangaben
1. Verfasser: Dybczak, Kamil
Format: Buch
Sprache:Englisch
Veröffentlicht: Praha Czech National Bank 2006
Schriftenreihe:Working paper series 2/2006
Schlagworte:
Tags: Tag hinzufügen
Keine Tags, Fügen Sie das erste Tag hinzu!

MARC

LEADER 00000nam$a2200000$$$4500
001 0052257
005 20240503084916.9
041 0 |a eng 
044 |a CZ 
245 1 0 |a Generational accounts in the Czech Republic  |c Kamil Dybczak 
264 1 |a Praha  |b Czech National Bank  |c 2006 
300 |a 29 s. 
490 1 |a Working paper series  |v 2/2006 
830 0 |a Working paper series  |v 2/2006 
610 2 0 |a banky 
610 2 0 |a výskum 
610 2 0 |a rozpočty 
610 2 0 |a účty 
610 2 0 |a politika fiškálna 
610 2 0 |a modelovanie ekonometrické 
610 2 0 |a Česko 
100 1 |a Dybczak, Kamil